000 00571 a2200241 4500
260 _aParis
630 _a33 - Economie. Economie politique
037 _b1, WVSC
650 _a3 - SCIENCES SOCIALES
100 _aFassassi, Assani
260 _bEd. Al Qalam
245 _aSursaut de l'Afrique qu'on achève
300 _a432 p.
650 _aAfrique noire : politique économique
650 _aAfrique noire : Progès
260 _c1995
300 _b23 cm
100 _lFr
037 _aL 15309
020 _a2-909469-15-8
999 _c41232
_d41232